[Event "EU Corporate-ch"]
[Site "Rotterdam"]
[Date "2022.06.19"]
[Round "9"]
[White "Jain, Aum"]
[Black "Lie, Michael"]
[Result "0-1"]
[WhiteElo "1591"]
[BlackElo "1798"]
[PlyCount "112"]
[EventDate "2022.06.18"]
[EventType "team-tourn (rapid)"]
[EventRounds "9"]
[EventCountry "NED"]
[SourceTitle "EXT 2023"]
[Source "ChessBase"]
[SourceDate "2022.10.05"]
[SourceVersion "1"]
[SourceVersionDate "2022.10.05"]
[SourceQuality "1"]

1. e4 c5 2. Nf3 g6 3. d4 cxd4 4. Qxd4 Nf6 5. e5 Nc6 6. Qc3 Ne4 7. Qc4 d5 8. exd6 Nxd6 9. Qc3 e5 10. Bg5 f6 11. Be3 Be6 12. a3 Rc8 13. Qd2 Bg7 14. Nc3 Kf7 15. Rd1 Nf5 16. Be2 Qxd2+ 17. Rxd2 Nxe3 18. fxe3 Rhd8 19. Kf2 Rxd2 20. Nxd2 Rd8 21. Rd1 f5 22. Nc4 Rxd1 23. Nxd1 Ke7 24. b3 e4 25. Nd2 Ne5 26. a4 h5 27. h3 Nc6 28. Bc4 Nb4 29. Bxe6 Kxe6 30. c3 Na2 31. c4 Nc1 32. Ke1 Bf8 33. Nf2 Bb4 34. Kd1 Bxd2 35. Kxd2 Nxb3+ 36. Kc3 Nc5 37. Kb4 b6 38. Kb5 Kd6 39. Kb4 Nd3+ 40. Nxd3 exd3 41. Kc3 Kc5 42. Kxd3 Kb4 43. h4 Kxa4 44. Kc3 b5 45. cxb5 Kxb5 46. Kd4 a5 47. Ke5 a4 48. Kf6 a3 49. Kxg6 a2 50. Kxf5 a1Q 51. Kg5 Qd1 52. e4 Qg4+ 53. Kh6 Kc6 54. e5 Kd7 55. g3 Ke7 56. e6 Kf6 0-1

[Event "EU Corporate-ch"]
[Site "Rotterdam"]
[Date "2022.06.18"]
[Round "4"]
[White "Schelvis, Richard"]
[Black "Jain, Aum"]
[Result "1-0"]
[WhiteElo "2157"]
[BlackElo "1591"]
[PlyCount "139"]
[EventDate "2022.06.18"]
[EventType "team-tourn (rapid)"]
[EventRounds "9"]
[EventCountry "NED"]
[SourceTitle "EXT 2023"]
[Source "ChessBase"]
[SourceDate "2022.10.05"]
[SourceVersion "1"]
[SourceVersionDate "2022.10.05"]
[SourceQuality "1"]

1. d4 e6 2. Nf3 d5 3. g3 Nf6 4. Bg2 c5 5. 0-0 Nc6 6. c4 cxd4 7. Nxd4 Bc5 8. Nb3 Be7 9. cxd5 exd5 10. Nc3 Be6 11. Bg5 0-0 12. Nd4 h6 13. Bf4 Bd6 14. Bxd6 Qxd6 15. e3 Rad8 16. Rc1 a6 17. Nce2 g5 18. a3 Bg4 19. Qc2 Rc8 20. Nf5 Bxf5 21. Qxf5 Qe6 22. Qd3 Ne5 23. Qb3 b5 24. Nd4 Qd7 25. Rfd1 Rxc1 26. Rxc1 Nc4 27. Rd1 Rd8 28. Qc2 h5 29. Qc1 Nd6 30. Qc6 Nde4 31. Qxa6 Rb8 32. Qc6 Qxc6 33. Nxc6 Rb7 34. Nb4 Rd7 35. Nxd5 Rxd5 36. Rxd5 Nxd5 37. Bxe4 Nc7 38. Bf3 g4 39. Bc6 f6 40. b3 Kf7 41. a4 bxa4 42. bxa4 Ke6 43. Kf1 Kd6 44. Bb5 Kc5 45. Ke2 Kd5 46. Kd3 Ke5 47. Bc4 Ne8 48. a5 Nd6 49. a6 Nc8 50. Bf7 Kd6 51. Bxh5 Kc6 52. Bxg4 Nd6 53. Bf3+ Kb6 54. Bb7 Nf5 55. h4 Nh6 56. Kd4 Ng4 57. h5 Ne5 58. h6 Ng6 59. Kd5 f5 60. Ke6 f4 61. exf4 Nh8 62. Kf6 Ka7 63. Kg7 Kb6 64. Kxh8 Ka7 65. Kg7 Kb6 66. h7 Ka7 67. h8Q Kb6 68. Bg2 Ka5 69. Qb8 Ka4 70. a7 1-0